| 000 | 01068cam a2200385 4500500 | ||
|---|---|---|---|
| 005 | 20260329004255.0 | ||
| 041 | _afre | ||
| 042 | _adc | ||
| 100 | 1 | 0 |
_aEltchaninoff, Michel _eauthor |
| 245 | 0 | 0 | _aFrançois-Xavier Bellamy, Laurent de Sutter. Philosophes en campagne |
| 260 | _c2019. | ||
| 500 | _a29 | ||
| 690 | _aCivilisation | ||
| 690 | _aConservatisme | ||
| 690 | _aCorps | ||
| 690 | _aCulture | ||
| 690 | _aÉlections européennes 2019 | ||
| 690 | _aEurope | ||
| 690 | _aFamille | ||
| 690 | _aFrançois-Xavier Bellamy | ||
| 690 | _aGPA | ||
| 690 | _aLaurent de Sutter | ||
| 690 | _aLes Républicains | ||
| 690 | _aMigrants | ||
| 690 | _aMigration | ||
| 690 | _aMorale | ||
| 690 | _aMouvement | ||
| 690 | _aPMA | ||
| 690 | _aPolitique | ||
| 690 | _aPrintemps européen | ||
| 690 | _aTechnique | ||
| 690 | _aYánis Varoufákis | ||
| 786 | 0 | _nPhilosophie magazine | 129 | 5 | 2019-05-01 | p. 2-5 | 1951-1787 | |
| 856 | 4 | 1 | _uhttps://shs.cairn.info/magazine-philosophie-magazine-2019-5-page-2?lang=fr&redirect-ssocas=7080 |
| 999 |
_c1832374 _d1832374 |
||